00728nam a22002415i 450000100060000000300090000600500170001500700030003200800410003502000180007604000220009408000190011610000170013524500630015226000500021530000210026549000320028650000210031850000510033970000310039083000320042185200330045310626ES-MaACL20260214131606.0t|941004s1994 sp ||||0| spa j a84-87101-93-3 aM-BN bspa cM-BN a820(73)-14"19"1 aAuden, W. H.10aOtro tiempo / cW.H. Auden ; versión de Alvaro García. aValencia : bPre-Textos, c1993 [ i.e. 1994 ] a229 p ; c22 cm.1 aColección La cruz del sur aEn el lomo: 181. aTexto en inglés y traducción en español.0 aGarcía López, Álvaro0 aColección La cruz del sur aES-MaACLjL-18029 bR.123486